000 00584nam a2200205Ia 4500
003 OSt
005 20260407104444.0
008 210210b2004 xxu||||| |||| 00| 0 eng d
040 _cAL
041 _aHindi
082 _aH491.802 NIDS
100 _aNIDAR.
_dनिडर
_9260440
245 _aSamachar sankalpana evam anuvad.
_bसमाचार संकल्प एवं अनुवाद
260 _aMathura
_bJavahar Pustakalay
_c2004
300 _a197
650 _aSamachar anuvad
_9260441
690 _aHindi Language
_9260442
906 _a059040
942 _2ddc
_cBK
999 _c106428
_d106428